First level subdivisions surrounding the United Kingdom - Statistics

General Stats
  • This quiz has been taken 11 times
  • The average score is 3 of 6
Answer Stats
Hint Answer % Correct
Spain Andalusia
100%
Ireland Donegal
44%
Ireland Louth
44%
Ireland Cavan
33%
Ireland Monaghan
33%
Ireland Leitrim
22%
No matching quizzes found
Score Distribution
Percent of People with Each Score
Percentile by Number Answered
Your Score History
You have not taken this quiz